000 00684nam a2200289Ia 4500
005 20260324140123.0
008 008 260324s9999 xx 000 0 eng d
020 _a9780429123979
037 _aEBOOK
040 _aCRL
040 _beng
040 _cCRL
041 _2eng
041 _aeng
084 _qCRL
100 _aLouis Goodman
_91203207
245 0 _aEngineering Project Management
245 4 _bThe IPQMS Method and Case Histories
260 _bTaylor and Francis
260 _c1999
365 _a
365 _b260
856 _uhttp://www.taylorfrancis.com/books/9780429123979
942 _cEBOOK
999 _c1804926
_d1804926